[Event "Oberliga Ost B 2018 2019"]
[Site "?"]
[Date "2019.04.07"]
[Round "11.2"]
[White "Engelmann, Jakob"]
[Black "Wege, Jochen"]
[Result "1-0"]
[WhiteElo "2254"]
[BlackElo "2272"]
[PlyCount "67"]
[EventDate "2018.10.21"]
[EventType "team-tourn"]
[EventCountry "GER"]
[WhiteTeam "Sangerhausen SV"]
[BlackTeam "Frankfurt SC Koenig Nied"]
[WhiteTeamCountry "GER"]
[BlackTeamCountry "GER"]

1. d4 Nf6 2. c4 c5 3. d5 b5 4. cxb5 a6 5. bxa6 g6 6. Nc3 Bxa6 7. e4 Bxf1 8.
Kxf1 d6 9. Nf3 Bg7 10. g3 O-O 11. Kg2 Nbd7 12. a4 Qb6 13. Qc2 Rfb8 14. Nb5 Ne8
15. Ra3 Nc7 16. Nxc7 Qxc7 17. b3 Qb7 18. Bd2 Ra6 19. Bc3 Bxc3 20. Qxc3 Rb6 21.
Nd2 Rb4 22. Re1 Qa6 23. Nc4 Nb6 24. Nxb6 Qxb6 25. Re3 Qb7 26. h4 h5 27. Kh2 Rc8
28. Qc2 c4 29. Rc3 Rc5 30. Kg2 Qb6 31. Qa2 cxb3 32. Rcxb3 Ra5 33. Qb2 Raxa4 34.
Rxa4 1-0

[Event "Oberliga Ost B 2018 2019"]
[Site "?"]
[Date "2019.04.07"]
[Round "11.3"]
[White "Chandler, Patrick"]
[Black "Heyder, Florian"]
[Result "0-1"]
[WhiteElo "2150"]
[BlackElo "2205"]
[PlyCount "102"]
[EventDate "2018.10.21"]
[EventType "team-tourn"]
[EventCountry "GER"]
[WhiteTeam "Frankfurt SC Koenig Nied"]
[BlackTeam "Sangerhausen SV"]
[WhiteTeamCountry "GER"]
[BlackTeamCountry "GER"]

1. b4 c6 2. e3 Qb6 3. a3 a5 4. b5 Nf6 5. Nc3 e5 6. Bb2 d5 7. Na4 Qc7 8. c4 Nbd7
9. Rc1 Qb8 10. d4 e4 11. Ne2 cxb5 12. cxb5 b6 13. Nec3 Bd6 14. h3 O-O 15. g4
Bb7 16. Qb3 h6 17. Be2 Qe8 18. Kd2 Qe6 19. Rcg1 g5 20. Kc2 Be7 21. Kb1 Ne8 22.
Bc1 Nd6 23. Nb2 Rac8 24. f3 exf3 25. Bxf3 Nf6 26. Nca4 Nc4 27. Rh2 Nxa3+ 28.
Ka1 Rc7 29. Nd3 Nc4 30. h4 Ne4 31. hxg5 Bxg5 32. Nf4 Qf6 33. Bxe4 dxe4 34. Nb2
Rfc8 35. Nh3 Qd6 36. Rgh1 Be7 37. Nf4 Bg5 38. Nxc4 Rxc4 39. Ba3 Qd7 40. Bb2 Bd5
41. Nxd5 Qxd5 42. Rf2 a4 43. Qa3 Qxb5 44. Rhf1 R8c7 45. Rf5 Qb4 46. Qxb4 Rxb4
47. Ba3 Rb3 48. Bd6 Rd7 49. Bf4 Bxf4 50. R1xf4 Rxe3 51. d5 Rf3 0-1

[Event "Oberliga Ost B 2018 2019"]
[Site "?"]
[Date "2019.04.07"]
[Round "11.4"]
[White "Hillmann, Michael"]
[Black "Uwira, Oliver"]
[Result "1/2-1/2"]
[WhiteElo "2133"]
[BlackElo "2188"]
[PlyCount "62"]
[EventDate "2018.10.21"]
[EventType "team-tourn"]
[EventCountry "GER"]
[WhiteTeam "Sangerhausen SV"]
[BlackTeam "Frankfurt SC Koenig Nied"]
[WhiteTeamCountry "GER"]
[BlackTeamCountry "GER"]

1. Nf3 Nf6 2. c4 c6 3. d4 d5 4. Qc2 e6 5. g3 Nbd7 6. Nbd2 b5 7. b3 Bb7 8. Bg2
Be7 9. O-O O-O 10. Bb2 a5 11. Ne5 Nxe5 12. dxe5 Nd7 13. cxb5 cxb5 14. Rac1 Rc8
15. Qb1 Qb6 16. e3 b4 17. Rxc8 Rxc8 18. Rc1 Bc5 19. Nf3 h6 20. h4 Ba6 21. Bf1
Bxf1 22. Kxf1 Qa6+ 23. Kg2 Bf8 24. Rxc8 Qxc8 25. Qc1 Qb7 26. Bd4 Nc5 27. Bxc5
Qc6 28. Nd4 Qxc5 29. Qxc5 Bxc5 30. h5 Kf8 31. f4 Bxd4 1/2-1/2

[Event "Oberliga Ost B 2018 2019"]
[Site "?"]
[Date "2019.04.07"]
[Round "11.5"]
[White "Graf, Gerd"]
[Black "Hellwig, Tobias"]
[Result "1/2-1/2"]
[WhiteElo "2240"]
[BlackElo "2219"]
[PlyCount "66"]
[EventDate "2018.10.21"]
[EventType "team-tourn"]
[EventCountry "GER"]
[WhiteTeam "Frankfurt SC Koenig Nied"]
[BlackTeam "Sangerhausen SV"]
[WhiteTeamCountry "GER"]
[BlackTeamCountry "GER"]

1. Nf3 Nf6 2. g3 g6 3. Bg2 Bg7 4. O-O O-O 5. d3 d5 6. c3 Nc6 7. Qc2 e5 8. e4
dxe4 9. dxe4 Bg4 10. h3 Bd7 11. Nbd2 Qe7 12. b4 Rfd8 13. Bb2 b5 14. Rfd1 Ne8
15. Nf1 Be6 16. Ne3 Rxd1+ 17. Qxd1 Rd8 18. Qe2 Nd6 19. Nd2 Bh6 20. Nd5 Bxd5 21.
exd5 Bxd2 22. Qxd2 Nc4 23. Qe2 Nb8 24. a4 a6 25. axb5 axb5 26. Bc1 Nd7 27. Bh6
Ndb6 28. Rd1 Nd6 29. h4 Nbc4 30. Qa2 Qe8 31. Qe2 Qe7 32. Qa2 Qe8 33. Qe2 Qe7
1/2-1/2

[Event "Oberliga Ost B 2018 2019"]
[Site "?"]
[Date "2019.04.07"]
[Round "11.7"]
[White "Goll, Christof"]
[Black "Buerckner, Georg"]
[Result "1/2-1/2"]
[WhiteElo "2080"]
[BlackElo "2040"]
[PlyCount "22"]
[EventDate "2018.10.21"]
[EventType "team-tourn"]
[EventCountry "GER"]
[WhiteTeam "Frankfurt SC Koenig Nied"]
[BlackTeam "Sangerhausen SV"]
[WhiteTeamCountry "GER"]
[BlackTeamCountry "GER"]

1. d4 d5 2. Bf4 Nf6 3. e3 e6 4. Nf3 Be7 5. h3 O-O 6. Nbd2 b6 7. Bd3 Bb7 8. O-O
Nbd7 9. c3 Ne4 10. Ne5 Nxe5 11. Bxe5 f6 1/2-1/2

[Event "Oberliga Ost B 2018 2019"]
[Site "?"]
[Date "2019.04.07"]
[Round "11.8"]
[White "Guenther, Christian"]
[Black "Bittner, Peter"]
[Result "1-0"]
[WhiteElo "2169"]
[BlackElo "1846"]
[PlyCount "61"]
[EventDate "2018.10.21"]
[EventType "team-tourn"]
[EventCountry "GER"]
[WhiteTeam "Sangerhausen SV"]
[BlackTeam "Frankfurt SC Koenig Nied"]
[WhiteTeamCountry "GER"]
[BlackTeamCountry "GER"]

1. d4 Nf6 2. c4 e6 3. Nf3 d5 4. Nc3 c6 5. e3 Nbd7 6. Bd3 Bb4 7. O-O O-O 8. a3
Bxc3 9. bxc3 Qc7 10. cxd5 exd5 11. Bb2 Re8 12. c4 Nf8 13. Ne5 dxc4 14. Nxc4 Bg4
15. f3 Bh5 16. Qd2 Bg6 17. e4 N6d7 18. Rae1 f6 19. f4 Rad8 20. f5 Bf7 21. e5
fxe5 22. dxe5 Nc5 23. Nd6 Re7 24. Bb1 Bc4 25. Rf3 Rxd6 26. exd6 Rxe1+ 27. Qxe1
Qxd6 28. Qc3 Qd1+ 29. Kf2 Qe2+ 30. Kg3 Kf7 31. Re3 1-0

[Event "Oberliga Ost B 2018 2019"]
[Site "?"]
[Date "2019.04.07"]
[Round "11.1"]
[White "Henrich, Thomas"]
[Black "Braun, Vitali"]
[Result "0-1"]
[WhiteElo "2170"]
[BlackElo "2384"]
[PlyCount "82"]
[EventDate "2018.10.21"]
[EventType "team-tourn"]
[EventCountry "GER"]
[WhiteTeam "Marburg SK"]
[BlackTeam "Griesheim SV II"]
[WhiteTeamCountry "GER"]
[BlackTeamCountry "GER"]

1. d4 d5 2. c4 c6 3. Nf3 Nf6 4. Nc3 a6 5. c5 Nbd7 6. Bf4 Nh5 7. Bd2 Nhf6 8. Bf4
Nh5 9. Bd2 g6 10. e3 Bg7 11. Be2 Nhf6 12. O-O O-O 13. Qc2 Qc7 14. e4 dxe4 15.
Nxe4 Nxe4 16. Qxe4 Nf6 17. Qh4 Be6 18. Bf4 Qd8 19. Be5 Bd5 20. Rfd1 Re8 21. b4
Bf8 22. Nd2 Nd7 23. Qg3 Nxe5 24. dxe5 Qc7 25. Nc4 Bg7 26. f4 Rad8 27. Ne3 Be6
28. Bc4 Qc8 29. Qf3 f6 30. Qe4 fxe5 31. f5 Bxc4 32. Qxc4+ Kh8 33. Qf7 Rf8 34.
Qxe7 Rde8 35. Qh4 gxf5 36. Nc4 Qe6 37. Nd6 Rb8 38. Rd2 e4 39. Re1 Bc3 40. Rde2
Bxb4 41. Qf2 Bxe1 0-1

[Event "Oberliga Ost B 2018 2019"]
[Site "?"]
[Date "2019.04.07"]
[Round "11.2"]
[White "Nothnagel, Holger"]
[Black "Dorst, Johannes"]
[Result "1/2-1/2"]
[WhiteElo "2306"]
[BlackElo "2281"]
[PlyCount "45"]
[EventDate "2018.10.21"]
[EventType "team-tourn"]
[EventCountry "GER"]
[WhiteTeam "Griesheim SV II"]
[BlackTeam "Marburg SK"]
[WhiteTeamCountry "GER"]
[BlackTeamCountry "GER"]

1. d4 Nf6 2. c4 c5 3. d5 b5 4. cxb5 a6 5. bxa6 g6 6. Nc3 Bg7 7. e4 O-O 8. Nf3
Qa5 9. Bd2 Bxa6 10. Be2 d6 11. O-O Bxe2 12. Qxe2 Nbd7 13. Rfb1 Qa6 14. Qd1 Ng4
15. a4 Nge5 16. Nxe5 Nxe5 17. Nb5 Rac8 18. Bc3 c4 19. Qd2 h5 20. h3 Kh7 21. Ra3
Bh6 22. Qe2 Nd3 23. b4 1/2-1/2

[Event "Oberliga Ost B 2018 2019"]
[Site "?"]
[Date "2019.04.07"]
[Round "11.3"]
[White "Alber, Horst"]
[Black "Flach, Erich"]
[Result "1/2-1/2"]
[WhiteElo "2281"]
[BlackElo "2074"]
[PlyCount "73"]
[EventDate "2018.10.21"]
[EventType "team-tourn"]
[EventCountry "GER"]
[WhiteTeam "Marburg SK"]
[BlackTeam "Griesheim SV II"]
[WhiteTeamCountry "GER"]
[BlackTeamCountry "GER"]

1. d4 Nf6 2. c4 c5 3. d5 e6 4. Nc3 exd5 5. cxd5 d6 6. e4 g6 7. Nf3 Bg7 8. Nd2
Nbd7 9. Be2 O-O 10. O-O Ne8 11. a4 a6 12. f4 Rb8 13. Nc4 f5 14. Bd3 b5 15. axb5
axb5 16. Na5 c4 17. Be3 cxd3 18. Nc6 Qc7 19. exf5 Nc5 20. Nxb8 Qxb8 21. fxg6
hxg6 22. Re1 b4 23. Na4 Qb5 24. Nxc5 dxc5 25. Qa4 Qc4 26. Qc6 Nf6 27. Ra8 Nxd5
28. Rxc8 Nxe3 29. Rxf8+ Kxf8 30. Qd6+ Kg8 31. Rxe3 Bd4 32. Kf2 d2 33. Qxg6+ Kf8
34. Qh6+ Kg8 35. Qg6+ Kf8 36. Qh6+ Kg8 37. Qg6+ 1/2-1/2

[Event "Oberliga Ost B 2018 2019"]
[Site "?"]
[Date "2019.04.07"]
[Round "11.5"]
[White "Duncker, Joachim"]
[Black "Dietz, Holger"]
[Result "1/2-1/2"]
[WhiteElo "2176"]
[BlackElo "2320"]
[PlyCount "43"]
[EventDate "2018.10.21"]
[EventType "team-tourn"]
[EventCountry "GER"]
[WhiteTeam "Marburg SK"]
[BlackTeam "Griesheim SV II"]
[WhiteTeamCountry "GER"]
[BlackTeamCountry "GER"]

1. e4 e6 2. d4 d5 3. exd5 exd5 4. Bd3 c5 5. Nf3 c4 6. Be2 Nf6 7. O-O Be7 8. b3
cxb3 9. axb3 O-O 10. Ne5 Nc6 11. Nxc6 bxc6 12. Nd2 Qb6 13. Bb2 a5 14. Ra2 Ba6
15. Bxa6 Rxa6 16. Bc3 Rfa8 17. Ra4 Bd6 18. Re1 h6 19. g3 R6a7 20. Kg2 Bb4 21.
Qf3 Nh7 22. Qd3 1/2-1/2

[Event "Oberliga Ost B 2018 2019"]
[Site "?"]
[Date "2019.04.07"]
[Round "11.6"]
[White "Diaz, Joaquin"]
[Black "Neidhardt, Helge"]
[Result "1/2-1/2"]
[WhiteElo "2150"]
[BlackElo "2094"]
[PlyCount "46"]
[EventDate "2018.10.21"]
[EventType "team-tourn"]
[EventCountry "GER"]
[WhiteTeam "Griesheim SV II"]
[BlackTeam "Marburg SK"]
[WhiteTeamCountry "GER"]
[BlackTeamCountry "GER"]

1. e4 e5 2. Nf3 Nc6 3. Bb5 Nf6 4. d3 Bc5 5. O-O d6 6. c3 O-O 7. Re1 Bd7 8. Nbd2
a6 9. Ba4 b5 10. Bc2 Ng4 11. Re2 Re8 12. h3 Nf6 13. Nf1 h6 14. Ng3 Ba7 15. a4
d5 16. Be3 dxe4 17. dxe4 Bxe3 18. Rxe3 Qe7 19. axb5 axb5 20. Nf5 Qf8 21. Rxa8
Rxa8 22. Bb3 g6 23. Ng3 Qe7 1/2-1/2

[Event "Oberliga Ost B 2018 2019"]
[Site "?"]
[Date "2019.04.07"]
[Round "11.7"]
[White "Nekhamkis, Genadi"]
[Black "Hahn, Werner"]
[Result "1/2-1/2"]
[WhiteElo "2140"]
[BlackElo "2185"]
[PlyCount "66"]
[EventDate "2018.10.21"]
[EventType "team-tourn"]
[EventCountry "GER"]
[WhiteTeam "Marburg SK"]
[BlackTeam "Griesheim SV II"]
[WhiteTeamCountry "GER"]
[BlackTeamCountry "GER"]

1. e4 c5 2. d4 cxd4 3. c3 Nf6 4. e5 Nd5 5. Nf3 Nc6 6. Bc4 Nb6 7. Bb3 dxc3 8.
Nxc3 d6 9. O-O dxe5 10. Qxd8+ Nxd8 11. Nb5 f6 12. Nc7+ Kd7 13. Nxa8 Nxa8 14.
Be3 Nc6 15. Ba4 Nb6 16. Bxb6 axb6 17. Rac1 e6 18. Rc4 Kc7 19. b4 Kb8 20. Bxc6
bxc6 21. Rxc6 Bd7 22. Rc2 Bxb4 23. Rb1 Ba5 24. Nd2 Ba4 25. Rc4 Bxd2 26. Rxa4
Kb7 27. Rd1 Rc8 28. Kf1 Rc2 29. g3 f5 30. Ke2 Bb4+ 31. Kd3 Rc3+ 32. Ke2 Rc2+
33. Kd3 Rc3+ 1/2-1/2

[Event "Oberliga Ost B 2018 2019"]
[Site "?"]
[Date "2019.04.07"]
[Round "11.8"]
[White "Hoeck, Raimund"]
[Black "Foermes, Alexander"]
[Result "1/2-1/2"]
[WhiteElo "2016"]
[BlackElo "2060"]
[PlyCount "36"]
[EventDate "2018.10.21"]
[EventType "team-tourn"]
[EventCountry "GER"]
[WhiteTeam "Griesheim SV II"]
[BlackTeam "Marburg SK"]
[WhiteTeamCountry "GER"]
[BlackTeamCountry "GER"]

1. d4 d5 2. Nf3 Nf6 3. c4 c6 4. e3 a6 5. Nc3 Bf5 6. Qb3 Ra7 7. Be2 h6 8. O-O e6
9. Qd1 dxc4 10. Bxc4 b5 11. Bd3 Bxd3 12. Qxd3 c5 13. Qe2 Nc6 14. dxc5 Bxc5 15.
Rd1 Rd7 16. Rxd7 Qxd7 17. Bd2 O-O 18. Rd1 Rd8 1/2-1/2

[Event "Oberliga Ost B 2018 2019"]
[Site "?"]
[Date "2019.04.07"]
[Round "11.1"]
[White "Chojnacki, Krzysztof"]
[Black "Schmidt Schaeffer, Sebastian"]
[Result "1-0"]
[WhiteElo "2373"]
[BlackElo "2333"]
[PlyCount "51"]
[EventDate "2018.10.21"]
[EventType "team-tourn"]
[EventCountry "GER"]
[WhiteTeam "Wiesbadener SV"]
[BlackTeam "Naumburger SV"]
[WhiteTeamCountry "GER"]
[BlackTeamCountry "GER"]

1. d4 f5 2. c4 Nf6 3. Nc3 e6 4. e3 d6 5. Bd3 g6 6. Nf3 Bg7 7. e4 fxe4 8. Nxe4
Nxe4 9. Bxe4 Nd7 10. Bg5 Nf6 11. h4 Qd7 12. Bxf6 Bxf6 13. Qe2 Qa4 14. h5 g5 15.
O-O O-O 16. Qe3 h6 17. Bd3 Qd7 18. Rad1 Bg7 19. Qe4 Rf5 20. d5 exd5 21. Qxf5
Qxf5 22. Bxf5 Bxf5 23. Rxd5 Rf8 24. Re1 Bxb2 25. Rb5 Bf6 26. Rxf5 1-0

[Event "Oberliga Ost B 2018 2019"]
[Site "?"]
[Date "2019.04.07"]
[Round "11.2"]
[White "Heinrich, Julius Tobias"]
[Black "Dubkov, Andrej"]
[Result "0-1"]
[WhiteElo "2099"]
[BlackElo "2332"]
[PlyCount "66"]
[EventDate "2018.10.21"]
[EventType "team-tourn"]
[EventCountry "GER"]
[WhiteTeam "Naumburger SV"]
[BlackTeam "Wiesbadener SV"]
[WhiteTeamCountry "GER"]
[BlackTeamCountry "GER"]

1. e4 d5 2. Nc3 d4 3. Nce2 e5 4. Ng3 Be6 5. Be2 Qd7 6. Nf3 f6 7. h3 g6 8. Nh2
h5 9. d3 Nc6 10. h4 Bh6 11. Bxh6 Nxh6 12. Qd2 O-O-O 13. O-O-O Qd6 14. Kb1 Nf7
15. Rhf1 Qc5 16. b3 Nd6 17. Bf3 Nb5 18. Ne2 Nc3+ 19. Kb2 Nxd1+ 20. Rxd1 a5 21.
a3 Rd6 22. Rg1 Ne7 23. g4 hxg4 24. Nxg4 Bxg4 25. Bxg4+ Kb8 26. h5 gxh5 27. Rh1
h4 28. Ng3 Ng6 29. Nf5 Rc6 30. Ng7 Nf4 31. Nh5 Qc3+ 32. Qxc3 dxc3+ 33. Kc1 Rxh5
0-1

[Event "Oberliga Ost B 2018 2019"]
[Site "?"]
[Date "2019.04.07"]
[Round "11.3"]
[White "Geske, Julian"]
[Black "Gering, Samuel"]
[Result "1-0"]
[WhiteElo "2381"]
[BlackElo "2064"]
[PlyCount "107"]
[EventDate "2018.10.21"]
[EventType "team-tourn"]
[EventCountry "GER"]
[WhiteTeam "Wiesbadener SV"]
[BlackTeam "Naumburger SV"]
[WhiteTeamCountry "GER"]
[BlackTeamCountry "GER"]

1. d4 g6 2. e4 Bg7 3. Nf3 d6 4. Bc4 a6 5. O-O e6 6. Qe2 Ne7 7. c3 O-O 8. Nbd2
h6 9. Rd1 Nd7 10. Nf1 b5 11. Bb3 c5 12. Bf4 Qb6 13. h4 e5 14. Be3 Qc7 15. Ng3
h5 16. Ng5 Nf6 17. d5 Ng4 18. Bd2 f6 19. Ne6 Bxe6 20. dxe6 c4 21. Bc2 Qc8 22.
f3 Qc5+ 23. Kf1 Nh2+ 24. Ke1 Qg1+ 25. Nf1 f5 26. Qf2 Qxf1+ 27. Qxf1 Nxf1 28.
Kxf1 f4 29. Bc1 Nc8 30. a4 Rb8 31. axb5 axb5 32. Ra5 Re8 33. Rd5 Rxe6 34. Rdxb5
Rxb5 35. Rxb5 Re7 36. Rb4 Rc7 37. Bd1 Bf8 38. Rb8 Be7 39. Be2 Kf7 40. Bd2 Bxh4
41. Rb4 Bd8 42. Bxc4+ Ke7 43. Be1 Na7 44. Bf2 Nc6 45. Ra4 g5 46. Bd5 Rc8 47.
Ra6 Nb8 48. Ra8 Bc7 49. b4 Rd8 50. Ra7 Rc8 51. Bb7 Rd8 52. b5 Nd7 53. Bc6 Bb8
54. Rb7 1-0

[Event "Oberliga Ost B 2018 2019"]
[Site "?"]
[Date "2019.04.07"]
[Round "11.4"]
[White "Fritsch, Andreas"]
[Black "Gottschalk, Jens"]
[Result "1/2-1/2"]
[WhiteElo "2048"]
[BlackElo "2274"]
[PlyCount "42"]
[EventDate "2018.10.21"]
[EventType "team-tourn"]
[EventCountry "GER"]
[WhiteTeam "Naumburger SV"]
[BlackTeam "Wiesbadener SV"]
[WhiteTeamCountry "GER"]
[BlackTeamCountry "GER"]

1. e4 c5 2. Be2 Nc6 3. f4 g6 4. c3 Bg7 5. Nf3 d5 6. d3 dxe4 7. dxe4 Qxd1+ 8.
Bxd1 Nf6 9. Bc2 O-O 10. Be3 b6 11. h3 Ba6 12. Nbd2 Rad8 13. g4 Na5 14. Rd1 Ne8
15. Kf2 Nd6 16. Rhe1 Ndc4 17. Nxc4 Bxc4 18. Bb1 Bb5 19. Bc2 Bc4 20. Bb1 Bb5 21.
Bc2 Bc4 1/2-1/2

[Event "Oberliga Ost B 2018 2019"]
[Site "?"]
[Date "2019.04.07"]
[Round "11.5"]
[White "Nehmert, Ulrich"]
[Black "Haertig, Jens"]
[Result "1/2-1/2"]
[WhiteElo "2233"]
[BlackElo "2144"]
[PlyCount "31"]
[EventDate "2018.10.21"]
[EventType "team-tourn"]
[EventCountry "GER"]
[WhiteTeam "Wiesbadener SV"]
[BlackTeam "Naumburger SV"]
[WhiteTeamCountry "GER"]
[BlackTeamCountry "GER"]

1. d4 Nf6 2. c4 e6 3. Nc3 d5 4. cxd5 exd5 5. Bg5 Be7 6. e3 c6 7. Qc2 Nbd7 8.
Bd3 h6 9. Bh4 O-O 10. Nf3 Re8 11. O-O Ne4 12. Bxe7 Qxe7 13. Bxe4 dxe4 14. Nd2
Nf6 15. Rab1 a5 16. a3 1/2-1/2

[Event "Oberliga Ost B 2018 2019"]
[Site "?"]
[Date "2019.04.07"]
[Round "11.6"]
[White "Will, Matthias"]
[Black "Minor, Samuel"]
[Result "0-1"]
[WhiteElo "1999"]
[BlackElo "2237"]
[PlyCount "94"]
[EventDate "2018.10.21"]
[EventType "team-tourn"]
[EventCountry "GER"]
[WhiteTeam "Naumburger SV"]
[BlackTeam "Wiesbadener SV"]
[WhiteTeamCountry "GER"]
[BlackTeamCountry "GER"]

1. Nf3 f5 2. d4 d6 3. g3 Nf6 4. Bg2 g6 5. O-O Bg7 6. b4 O-O 7. Bb2 c6 8. c4 Be6
9. Qc2 Kh8 10. Nbd2 a5 11. a3 Nbd7 12. Ng5 Bg8 13. e3 e5 14. dxe5 dxe5 15. Ngf3
Qe7 16. Bc3 e4 17. Nd4 Ne5 18. bxa5 c5 19. N4b3 Rfd8 20. Rfd1 Rd7 21. Bf1 h5
22. Qb2 Nd3 23. Bxd3 Rxd3 24. Rac1 Rad8 25. Qc2 Qd6 26. a6 bxa6 27. Na5 Rd7 28.
Rb1 Rxc3 29. Qxc3 Nd5 30. Qb3 Nc3 31. Nxe4 Qxd1+ 32. Rxd1 Rxd1+ 33. Kg2 Rb1 34.
Nxc5 Rxb3 35. Ncxb3 Bf8 36. c5 Kg7 37. c6 Nb5 38. a4 Nc7 39. Nd4 Kf6 40. f3 Ke5
41. h3 Bc5 42. Nc2 Bb6 43. Nb7 a5 44. Nd4 Kd5 45. Nb3 Kc4 46. Nd2+ Kd3 47. Nf1
Bd5 0-1

[Event "Oberliga Ost B 2018 2019"]
[Site "?"]
[Date "2019.04.07"]
[Round "11.8"]
[White "Schlag, Andreas"]
[Black "Ungurean, Florin Ioan"]
[Result "1-0"]
[WhiteElo "2039"]
[BlackElo "2001"]
[PlyCount "103"]
[EventDate "2018.10.21"]
[EventType "team-tourn"]
[EventCountry "GER"]
[WhiteTeam "Naumburger SV"]
[BlackTeam "Wiesbadener SV"]
[WhiteTeamCountry "GER"]
[BlackTeamCountry "GER"]

1. e4 c5 2. Nf3 e6 3. d4 cxd4 4. Nxd4 Nf6 5. Bd3 Nc6 6. Nxc6 dxc6 7. Nc3 e5 8.
Bg5 Be7 9. O-O O-O 10. a3 a5 11. a4 h6 12. Bh4 Nxe4 13. Bxe7 Nxc3 14. Bxd8 Nxd1
15. Raxd1 Bg4 16. f3 Raxd8 17. fxg4 Rd4 18. Be2 Rfd8 19. Rxd4 Rxd4 20. b3 Rd2
21. Bd3 f6 22. Re1 Kf8 23. Re2 Rd1+ 24. Kf2 Ke7 25. Ke3 Rh1 26. h3 Kd6 27. Bg6
b5 28. axb5 cxb5 29. c4 bxc4 30. bxc4 Kc5 31. Ra2 Kb6 32. Ke4 Rd1 33. c5+ Kxc5
34. Rxa5+ Kb6 35. Rd5 Re1+ 36. Kf3 Kc6 37. Rd8 Ra1 38. Rg8 Ra7 39. Rf8 Ra3+ 40.
Kf2 Ra2+ 41. Kg3 Ra3+ 42. Kh4 Ra2 43. Rf7 Kd6 44. Rxg7 Rxg2 45. Bf5 Kd5 46.
Rd7+ Kc5 47. Rf7 Rf2 48. Rxf6 Kd4 49. Rd6+ Ke3 50. Rxh6 Kd4 51. Rd6+ Ke3 52.
Kg5 1-0

[Event "Oberliga Ost B 2018 2019"]
[Site "?"]
[Date "2019.04.07"]
[Round "11.1"]
[White "Kuznecovs, Nikita"]
[Black "Konopka, Michal"]
[Result "1-0"]
[WhiteElo "2312"]
[BlackElo "2355"]
[PlyCount "65"]
[EventDate "2018.10.21"]
[EventType "team-tourn"]
[EventCountry "GER"]
[WhiteTeam "Stadtilm SG BW"]
[BlackTeam "Schoeneck SF"]
[WhiteTeamCountry "GER"]
[BlackTeamCountry "GER"]

1. e4 Nf6 2. e5 Nd5 3. c4 Nb6 4. d4 d6 5. f4 g6 6. Nc3 Bg7 7. Be3 O-O 8. Be2
dxe5 9. dxe5 Be6 10. b3 Nc6 11. Nf3 f6 12. O-O Qxd1 13. Raxd1 Rad8 14. exf6
exf6 15. Nb5 Rc8 16. Nfd4 Nxd4 17. Nxd4 Bf7 18. Nb5 Rfe8 19. Kf2 Bf8 20. Bd4
Nd7 21. Bf3 c6 22. Nc3 a5 23. g4 Rcd8 24. Ne4 f5 25. gxf5 gxf5 26. Ng3 Nc5 27.
Nxf5 Bg6 28. Rg1 Kf7 29. Nh4 Nd3+ 30. Rxd3 Rxd4 31. Rxd4 Bc5 32. Rgd1 Rd8 33.
f5 1-0

[Event "Oberliga Ost B 2018 2019"]
[Site "?"]
[Date "2019.04.07"]
[Round "11.2"]
[White "Everett, Elijah"]
[Black "Siebarth, Raiko"]
[Result "0-1"]
[WhiteElo "2210"]
[BlackElo "2265"]
[PlyCount "112"]
[EventDate "2018.10.21"]
[EventType "team-tourn"]
[EventCountry "GER"]
[WhiteTeam "Schoeneck SF"]
[BlackTeam "Stadtilm SG BW"]
[WhiteTeamCountry "GER"]
[BlackTeamCountry "GER"]

1. e4 c5 2. Nf3 e6 3. d4 cxd4 4. Nxd4 Nc6 5. Nc3 Qc7 6. g3 Nf6 7. Bg2 h5 8. h3
a6 9. O-O Nxd4 10. Qxd4 Bc5 11. Qd3 d6 12. Bf4 Nd7 13. Na4 e5 14. Bg5 b5 15.
Nxc5 Nxc5 16. Qc3 Bb7 17. Rfd1 Rc8 18. Qe1 O-O 19. c3 f6 20. Bc1 f5 21. exf5
Bxg2 22. Kxg2 Qc6+ 23. Kg1 Rxf5 24. Be3 Ne4 25. Rac1 Rcf8 26. Rc2 h4 27. g4 Rf3
28. Kh2 Nf6 29. Qd2 Kh8 30. Qe2 Nd5 31. Bg5 Qc5 32. Bxh4 Rxh3+ 33. Kxh3 Nf4+
34. Kh2 Nxe2 35. Rxe2 Qc4 36. Red2 Qxg4 37. Bg3 Rf5 38. Rh1 Rf6 39. Kg1+ Kg8
40. Rh4 Qg6 41. a4 e4 42. Re2 d5 43. axb5 axb5 44. Kg2 Rf3 45. Rh1 Qf5 46. Rhe1
Rd3 47. Re3 Rd2 48. b3 Rc2 49. Rd1 Qh5 50. Ra1 Qg5 51. Rae1 Qf6 52. Rd1 Rxc3
53. Rxd5 Rxe3 54. fxe3 Qf3+ 55. Kh3 b4 56. Rd4 Qxe3 0-1

[Event "Oberliga Ost B 2018 2019"]
[Site "?"]
[Date "2019.04.07"]
[Round "11.3"]
[White "Schneider, Christian"]
[Black "Marchio, Enrico"]
[Result "1-0"]
[WhiteElo "2191"]
[BlackElo "2322"]
[PlyCount "75"]
[EventDate "2018.10.21"]
[EventType "team-tourn"]
[EventCountry "GER"]
[WhiteTeam "Stadtilm SG BW"]
[BlackTeam "Schoeneck SF"]
[WhiteTeamCountry "GER"]
[BlackTeamCountry "GER"]

1. c4 b6 2. Nc3 e6 3. Nf3 Bb7 4. e3 f5 5. b3 Nf6 6. Bb2 Be7 7. Be2 O-O 8. O-O
Qe8 9. Ne1 e5 10. Nb5 Bd8 11. d4 d6 12. dxe5 dxe5 13. Qc2 Be4 14. Bd3 Nc6 15.
Bxe4 Nxe4 16. Ba3 Rf7 17. f3 Ng5 18. Rd1 e4 19. f4 Ne6 20. g4 fxg4 21. Qxe4 Bf6
22. Nc2 a6 23. Nd6 cxd6 24. Rxd6 Rc8 25. Rxe6 Qd7 26. Rd6 Qc7 27. Rfd1 h5 28.
Qg6 b5 29. R6d5 b4 30. Bxb4 Nxb4 31. Nxb4 Qb6 32. Nc2 Re8 33. Rd7 Rxe3 34.
Qxf7+ Kh7 35. Qxh5+ Kg8 36. c5 Qe6 37. Rd8+ Bxd8 38. Rxd8+ 1-0

[Event "Oberliga Ost B 2018 2019"]
[Site "?"]
[Date "2019.04.07"]
[Round "11.4"]
[White "Heinatz, Thomas"]
[Black "George, Tom"]
[Result "1/2-1/2"]
[WhiteElo "2311"]
[BlackElo "2218"]
[PlyCount "122"]
[EventDate "2018.10.21"]
[EventType "team-tourn"]
[EventCountry "GER"]
[WhiteTeam "Schoeneck SF"]
[BlackTeam "Stadtilm SG BW"]
[WhiteTeamCountry "GER"]
[BlackTeamCountry "GER"]

1. e4 e5 2. Bc4 Nf6 3. d3 c6 4. Nf3 d5 5. Bb3 Bd6 6. Nc3 d4 7. Ne2 O-O 8. O-O
a5 9. c3 c5 10. Ng3 Nc6 11. Nh4 Ne7 12. Bg5 Ng6 13. Nhf5 Nf4 14. cxd4 cxd4 15.
Qf3 h6 16. Bxf4 exf4 17. Ne2 Bxf5 18. exf5 Qd7 19. Nxd4 a4 20. Bc4 Ra5 21. a3
Re8 22. Rae1 Rae5 23. Rxe5 Bxe5 24. Nc2 b5 25. Ba2 Qxf5 26. h3 Rc8 27. Bb1 Bxb2
28. Re1 g6 29. Qb7 Qd7 30. Re7 Qxb7 31. Rxb7 Rc5 32. d4 Bxd4 33. Nxd4 Rc1+ 34.
Kh2 Rxb1 35. Rxb5 Rxb5 36. Nxb5 Ne4 37. f3 Nc5 38. Nc3 Kg7 39. Nd5 g5 40. h4 f6
41. Kh3 Kg6 42. Ne7+ Kf7 43. Nf5 h5 44. g3 Nd3 45. Kg2 fxg3 46. Kxg3 Nf4 47.
Nd6+ Kg6 48. Ne4 Nd3 49. Kh3 Kf5 50. Kg3 g4 51. Nc3 Nc5 52. fxg4+ hxg4 53. h5
Kg5 54. h6 Kxh6 55. Kxg4 Kg6 56. Kf4 Nd3+ 57. Ke4 Nb2 58. Kf4 f5 59. Nd5 Nd3+
60. Ke3 Nc5 61. Kf4 Nd3+ 1/2-1/2